All That Is Gold Does Not Glitter Quiz Stats

Quiz Updated Nov 8, 2017

Also try: Gold and Silver
Challenge
Share
Tweet
Embed
Score 0/58 Timer 07:00
1 Play Today
% Correct
gold
98.5%
All
98.2%
all
98.2%
is
98.2%
is
98.2%
not
98.2%
not
98.2%
not
98.2%
not
98.2%
that
98.1%
glitter,
98.1%
that
98.1%
that
98.1%
does
97%
does
97%
a
94.8%
a
94.8%
the
84.1%
the
84.1%
the
84.1%
the
84.1%
the
84.1%
are
71%
are
71%
be
67.5%
be
67.5%
be
67.5%
who
66.7%
those
63.3%
% Correct
lost;
61%
wander
59.4%
was
55.6%
shall
53.3%
shall
53.3%
shall
53.3%
shall
53.3%
king.
52.4%
broken,
48.6%
again
48.5%
by
48.2%
crownless
46.7%
From
46.6%
from
46.6%
blade
46.1%
frost.
44.8%
roots
42.7%
deep
42.5%
wither,
42.1%
old
40.9%
fire
40%
renewed
39.8%
light
39.4%
strong
39.2%
woken,
37.5%
ashes
37.2%
reached
36.8%
spring;
36.5%
shadows
34%

You're not logged in!

Compare scores with friends on all Sporcle quizzes.
Join for Free
OR
Log In

You Might Also Like...

Show Comments

Extras

Top Quizzes Today


Score Distribution

Your Account Isn't Verified!

In order to create a playlist on Sporcle, you need to verify the email address you used during registration. Go to your Sporcle Settings to finish the process.

Report this User

Report this user for behavior that violates our Community Guidelines.

Details: